[Event "56th Rubinstein Memorial A 2020"]
[Site "Polanica Zdroj"]
[Date "2020.08.22"]
[Round "8.2"]
[White "Jedynak, January"]
[Black "Hetzer, Volkhard"]
[Result "0-1"]
[WhiteElo "1887"]
[BlackElo "1911"]
[Annotator "TA"]
[PlyCount "74"]
[EventDate "2020.08.15"]
[EventType "swiss"]
[EventCountry "POL"]
[SourceTitle "playchess.com"]
[Source "ChessBase"]
[SourceQuality "1"]

{[%evp 10,74,51,20,14,14,12,-16,54,37,38,0,62,48,60,62,62,51,52,53,70,66,65,0,0,-33,-27,-33,-16,-20,-22,-31,0,-13,17,26,13,0,0,0,0,-1951,-1916,-1909,-1726,-1886,-1904,-1922,-1914,-1826,-1771,-29984,-29981,-5818,-1850,-1737,-1830,-29991,-29992,-29992,-29993,-29993,-29992,-29992,-29993,-29993,-29994]} 1. e4 g6 2. d4 Bg7 3. Nf3 d6 4. Nc3 a6 5. Be3 b5 6. Qd2 Bb7 {B06: Modern Defence.} 7. Bd3 Nd7 8. a4 c6 (8... Ngf6 $11) 9. h4 {[#]} e5 $146 ({Predecessor:} 9... h5 10. O-O e5 11. dxe5 dxe5 12. Rfd1 Ngf6 13. Bg5 O-O 14. Ne2 Re8 15. b4 Qc7 {½-½ (35) Ionica,I (2231)-Bogdan,D (2434) Predeal 2006}) 10. d5 {Black must now prevent dxc6.} (10. dxe5 {with more complications.} dxe5 11. g4 h6 12. O-O-O Ngf6 13. g5) 10... Ngf6 (10... b4 $11 11. dxc6 Bxc6) 11. dxc6 $14 Bxc6 12. axb5 axb5 13. Rxa8 Qxa8 14. Bxb5 O-O 15. Bxc6 ({Reject} 15. Qxd6 Qa1+ 16. Kd2 Qxh1 $15) 15... Qxc6 16. Qd3 ({Better is} 16. O-O $14) 16... Rb8 $11 17. Nd5 Nxd5 18. exd5 Qa8 {Strongly threatening ...e4!} (18... Qa4 {feels hotter.} 19. b3 Qa5+ 20. Qd2 Qb5 21. h5 Nf6) 19. O-O $1 Rxb2 20. Nd2 Ra2 21. Ne4 Ra6 22. Rb1 Nf6 23. Qxa6 Qxa6 24. Rb8+ Bf8 $1 25. Bh6 $2 {[%mdl 8192]} (25. Nxf6+ $11 Kg7 26. Ne8+ Kg8 27. Nf6+ Kg7 28. Ne8+ Kg8 29. Nf6+) 25... Qa1+ $19 26. Kh2 Ng4+ {[%mdl 64] Double Attack} 27. Kg3 Nxh6 28. Nf6+ Kg7 29. Ne8+ Kh8 30. Nf6 Nf5+ 31. Kh2 Kg7 32. Ne8+ Kh6 33. g4 Nxh4 {Black mates.} 34. Rb3 Be7 35. Rg3 Bg5 36. Nxd6 {[#]} Bf4 $1 37. Nxf7+ {[#]} Kg7 $1 {Accuracy: White = 71%, Black = 68%.} 0-1

[Event "56th Rubinstein Memorial A 2020"]
[Site "Polanica Zdroj"]
[Date "2020.08.22"]
[Round "8.3"]
[White "Goluch, Piotr"]
[Black "Sabuk, Piotr"]
[Result "0-1"]
[WhiteElo "2376"]
[BlackElo "2377"]
[Annotator "TA"]
[PlyCount "36"]
[EventDate "2020.08.15"]
[EventType "swiss"]
[EventCountry "POL"]
[SourceTitle "playchess.com"]
[Source "ChessBase"]
[SourceQuality "1"]

{[%evp 12,26,-12,-22,2,-110,-128,-127,-128,-172,-183,-190,-187,-325,-320,-533,-526]} 1. d4 d6 2. c4 e5 3. Nc3 exd4 4. Qxd4 Nc6 5. Qd2 Nf6 6. g3 Be6 7. e4 a5 {A21: English Opening: 1...e5 2 Nc3.} 8. b3 {[#]} (8. Nh3 $11 {remains equal.}) 8... Nxe4 $1 $17 9. Nxe4 {Bg2 is the strong threat.} d5 {And now ...Bb4 would win.Black is better.} 10. cxd5 Bb4 11. Nc3 Bxd5 12. f3 (12. a3 $142 Bxc3 13. Qxc3 Bxh1 14. Qxg7) 12... Qf6 $1 $19 {[%csl LRc3,LRf3]} 13. Bb2 $2 {[#]} (13. Kf2 Bxc3 14. Qxd5 Bxa1 15. Qe4+ Qe5 16. Qxe5+ Bxe5 17. Bc4) 13... O-O-O {[#] White got outplayed after the opening. Accuracy: White =  6%, Black = 100%.} {Predecessor:} 14. Be2 $146 Rhe8 15. O-O-O Bxf3 16. Nxf3 Rxd2 17. Kxd2 Qh6+ 18. Ke1 Qe3 {0-1 (18) Watzlawek,M (2106)-Bauer,C (2634) Maastricht 2016} 0-1

[Event "56th Rubinstein Memorial A 2020"]
[Site "Polanica Zdroj"]
[Date "2020.08.22"]
[Round "8.3"]
[White "Dytman, Radoslaw"]
[Black "Kolodziejski, Piotr"]
[Result "1-0"]
[WhiteElo "1867"]
[BlackElo "1928"]
[Annotator "TA"]
[PlyCount "161"]
[EventDate "2020.08.15"]
[EventType "swiss"]
[EventCountry "POL"]
[SourceTitle "playchess.com"]
[Source "ChessBase"]
[SourceQuality "1"]

{[%evp 9,161,-10,-16,-15,-4,-7,0,0,0,0,0,-7,14,-50,-35,-26,-27,-27,-24,-66,-29,-33,-16,-21,2,0,31,30,151,0,112,35,124,33,75,69,116,96,96,81,126,82,79,70,72,37,54,41,50,50,68,47,76,72,79,69,110,91,89,66,66,62,70,36,68,70,51,43,47,34,73,50,77,40,32,-9,76,47,55,0,67,-22,0,-8,8,0,12,0,47,52,46,46,82,91,108,46,45,45,45,41,210,210,181,74,52,0,18,0,0,0,61,0,194,166,288,297,287,264,457,441,418,397,306,266,429,383,1035,971,952,463,677,485,1277,1428,1152,1106,4623,4708,29975,29973,29969,29972,29980,2337,1426,1097,6390,5352,6374,5591,29982,29983,29960,5006]} 1. Nf3 Nf6 2. c4 e6 3. g3 d5 4. cxd5 exd5 5. d4 Bb4+ 6. Bd2 {D30: Queen's Gambit Declined: Systems without Nc3.} Bxd2+ (6... Bd6 {is more complex.} 7. Bg2 c6 8. Nc3 Nbd7 9. O-O O-O) 7. Nbxd2 O-O {[#]} 8. e3 $146 {The position is equal.} ({Predecessor:} 8. Bg2 Nbd7 9. Rc1 Re8 10. O-O c6 11. e3 Qb6 12. Qc2 Nf8 13. Ne5 Be6 14. b3 {0-1 (42) Oberst,T (2270)-Benkovic,P (2371) Wuerttemberg 2018}) 8... Re8 9. Qc2 Nbd7 10. Bd3 Nf8 11. O-O-O (11. O-O $11) 11... b6 12. Kb1 Bb7 13. Ne5 c5 14. b3 cxd4 15. exd4 Rc8 16. Qb2 N6d7 17. Rhe1 f6 18. Ng4 g6 (18... Nb8 $11) 19. Qa3 $2 (19. Nf3 $1 $16) 19... a6 (19... Rxe1 $11 20. Rxe1 f5) 20. Qd6 (20. Bxa6 $2 Ra8 $17) (20. Nf3 $16 {Black must now prevent Rxe8.} Rxe1 21. Rxe1) 20... Kg7 (20... f5 $14 21. Rxe8 Qxe8) 21. Ne3 (21. Nf3 $16 {Rxe8 is the strong threat.} Rc6 22. Qf4 (22. Rxe8 Qxe8 23. Qb4 Ne6 $14)) 21... Rc6 22. Qa3 (22. Qxd5 $2 Rxe3 23. fxe3 Rc1+ 24. Rxc1 Bxd5 $17) 22... Rce6 23. Nf3 Nb8 24. Ng1 Qe7 25. Qxe7+ R6xe7 26. Ne2 Ne6 27. Bc2 Kf7 28. h4 h5 29. b4 Rd8 30. Bb3 Rc7 31. Kb2 Re7 32. Rd2 Rd6 33. a3 f5 34. Nc3 {[%cal Re3d5]} Nc7 35. Rde2 Red7 36. Kc2 Kf6 37. Ng2 Ne6 38. Rd2 Nc6 39. Ne2 Rc7 {And now ...Ncxd4+ would win.} 40. Kd3 Re7 41. Ne3 Nc7 42. Nf4 Nd8 (42... Re4 $11 43. Kc3 Nxd4) 43. Rc1 Nde6 44. Ne2 (44. Nxe6 $14 Nxe6 45. Re2) 44... Red7 (44... a5 $11) 45. f4 (45. a4 $14) 45... a5 46. Nc3 Ba6+ 47. Kc2 Kf7 48. Kb2 Bb7 49. Ng2 Ba6 50. Ne1 Bc4 51. Nf3 Rd8 52. Ne5+ (52. Bxc4 $16 dxc4 53. d5 $1 {[%mdl 512]}) 52... Kf6 $1 $14 53. Bxc4 dxc4 54. d5 axb4 $2 (54... b5 $14) 55. axb4 $18 b5 {[%cal Rc7d5] [#]} 56. Rcd1 (56. Ra1 $1 $18 {is the precise move to win.}) 56... Nf8 $16 57. Kc2 ({Better is} 57. Ra1 $14 Nxd5 58. Ra7 (58. Nxb5 c3+ 59. Nxc3 Nxb4 $14) (58. Rad1 Ke6 $11) 58... Nxb4 59. Rxd6+ Rxd6 60. Rf7+ (60. Nxb5 Rd8 $16) 60... Ke6 61. Rxf8 Rd2+ 62. Kb1) 57... Ra8 58. Nc6 Nd7 $1 59. Na5 {Threatening Nb7.} Ra7 (59... Na6 $11 60. Nc6 Nc7) 60. Ra1 ({White should play} 60. Re2 $14) 60... Nb6 $2 {[#] Black is now going downhill.} (60... Raa6 $11 {and Black is okay.}) 61. Nxc4 $1 $18 {[%mdl 576] Discovered Attack} Nxc4 (61... Rxa1 $142 62. Nxd6 Rg1) (61... bxc4 62. Rxa7) 62. Rxa7 Nxd2 63. Rxc7 {[%mdl 4096] Endgame KRN-KRN} (63. Kxd2 Nxd5 64. Nxd5+ Ke6 $14) 63... Nf1 $2 (63... Ne4 64. Nxe4+ (64. Nxb5 Rxd5 65. Nc3 Rd2+ 66. Kb3 Nxg3 $16) 64... fxe4) 64. Rc5 Nxg3 65. Nxb5 Rd8 66. Kd3 Ke7 $2 (66... Ne4) 67. Kd4 g5 $2 (67... Ne4 68. Rc4 Rd7) 68. fxg5 f4 69. Nc3 (69. Ke5 $142) 69... Rf8 (69... Nf5+ $142 70. Ke4 Nxh4 71. Rc7+ Rd7) 70. Ne4 Nf5+ (70... Nxe4 $142 71. Kxe4 f3) 71. Ke5 Nxh4 72. d6+ Kd8 73. Nf6 f3 74. Ra5 {[%cal Ra5a8]} Ng6+ {[#]} 75. Ke4 $1 {[%cal Ra5a8]} Kc8 76. Kxf3 (76. d7+ $142 Kc7 77. Rc5+ Kd6 78. Rc8 Rd8 79. Rxd8 Ne5 80. g6 f2 81. Rf8) 76... Kb7 77. Ke4 Kc6 78. Kf5 Nh4+ 79. Ke6 Nf3 80. Rc5+ Kb7 81. Ke7 {Accuracy: White = 61%, Black = 44%.} (81. g6 $142 Ra8 82. g7 h4 83. g8=Q Rxg8 84. Nxg8 Nd4+ 85. Kd5 h3 86. Kxd4) 1-0

[Event "56th Rubinstein Memorial A 2020"]
[Site "Polanica Zdroj"]
[Date "2020.08.22"]
[Round "8.4"]
[White "Kucza, Karol"]
[Black "Bronowicki, Mateusz"]
[Result "1-0"]
[WhiteElo "2245"]
[BlackElo "2275"]
[Annotator "TA"]
[PlyCount "101"]
[EventDate "2020.08.15"]
[EventType "swiss"]
[EventCountry "POL"]
[SourceTitle "playchess.com"]
[Source "ChessBase"]
[SourceQuality "1"]

{[%evp 20,101,21,15,20,10,22,8,12,18,37,0,0,-40,-35,-28,-15,-23,-44,-19,-24,-80,-70,-70,-87,-69,-84,-125,-127,-126,-132,-152,-133,-174,-92,-92,-108,-103,-67,-71,-71,-108,-51,-57,-58,-74,0,0,0,0,0,0,8,8,380,380,1439,1432,12833,1333,12835,12835,12835,12835,4994,1572,12844,12844,12845,12845,12845,568,295,239,12846,12846,29996,29994,29994,12846,12846,12847,12847,464]} 1. e4 e6 2. d4 d5 3. Nc3 Nf6 4. e5 Nfd7 5. f4 c5 6. Nf3 Qb6 7. Be3 a6 8. Na4 Qa5+ 9. c3 cxd4 10. b4 Qc7 11. Qxd4 Nc6 {C11: French: Classical System: 4 e5 and 4 Bg5 dxe4.} 12. Qd2 $1 Be7 13. Be2 b5 {The position is equal.} 14. Nb2 a5 {[%cal Ra5b4]} 15. O-O (15. Rc1 {with more complications.} Ba6 16. O-O O-O 17. Nd4 Nxd4 18. Bxd4 Qd8 19. a3) 15... axb4 16. Bxb5 (16. Rfc1 {seems wilder.} Qb7 17. cxb4 Bxb4 18. Qc2 Ba3 19. Rab1) 16... bxc3 17. Qxc3 Ra3 $36 {[%mdl 2048] Black has good play.} 18. Qxc6 Qxc6 19. Bxc6 Rxe3 20. Rfc1 (20. Bb5 $11 {keeps the balance.}) 20... O-O $17 {[#]} 21. Bxd7 $146 ({Predecessor:} 21. a4 Nc5 22. Rc2 Ne4 23. Nd1 Rb3 24. Bb5 Rb4 25. Rac1 Bb7 26. Rc7 Bc5+ 27. R1xc5 Nxc5 28. Rxc5 Rxf4 {½-½ (47) Laine,P (2138)-Hinrichs,L (2242) Skopje 2015}) 21... Bxd7 22. Rc7 Rd8 23. Rb1 Ra3 24. Nd1 Rxa2 25. h4 {[#]} Ra7 $1 {[%mdl 512]} 26. Rbc1 (26. Rxa7 Bc5+) 26... Ba3 ({Black should play} 26... Rxc7 $19 27. Rxc7 Kf8) 27. Rxa7 Bxc1 28. g3 h6 29. Kf2 Be8 30. Nd4 Rb8 (30... Bd2 $17 31. Ne3 Rb8) 31. f5 $15 exf5 32. Nxf5 Bb2 (32... h5 $17) 33. Nxb2 $11 Rxb2+ {[%mdl 4096] Endgame KRB-KRN} 34. Ke3 {Hoping for Ra8.} Rb3+ 35. Kd4 {Threatens to win with Ra8.} g6 36. Nd6 Bc6 $2 {[%mdl 8192]} (36... Rb8 $11 {and Black has nothing to worry.}) 37. Nxf7 $18 Rxg3 $2 (37... Kf8 38. Nd6 (38. Nxh6 Bb7 $18) 38... Rb1) 38. Nxh6+ Kf8 39. e6 Rh3 40. Rf7+ Ke8 41. Ng8 Kd8 42. Nf6 (42. Kc5 $142 Be8 43. Ra7) 42... Rxh4+ {[#]} 43. Kc5 $1 {[%mdl 512]} Ba4 44. Ra7 Kc8 45. Nxd5 (45. Kd6 $142 {Rxa4! would kill now.} Rf4 46. Nd7 Bxd7 47. exd7+ Kb8 48. d8=Q+ Kxa7 49. Qe7+ Ka6 50. Kxd5) 45... Kb8 46. Rg7 {Intending Kb6 and mate.} Bb3 $2 (46... Re4 47. Rxg6 Re2) 47. Kb6 {[%cal Rg7g8]} Rh8 48. Nb4 Ba4 49. Na6+ (49. Rb7+ $142 Kc8 50. Ra7 Kd8 51. Nd5 Bd7 52. Rxd7+ Kc8 53. Ka7 Rh6 54. Ne7#) 49... Kc8 50. Rc7+ Kd8 51. e7+ {White used his chance. Accuracy: White = 66%, Black = 44%.} 1-0

[Event "56th Rubinstein Memorial A 2020"]
[Site "Polanica Zdroj"]
[Date "2020.08.22"]
[Round "8.4"]
[White "Stachecki, Mikolaj"]
[Black "Siekanska, Maria"]
[Result "1-0"]
[WhiteElo "1806"]
[BlackElo "1928"]
[Annotator "RC"]
[PlyCount "85"]
[EventDate "2020.08.15"]
[EventType "swiss"]
[EventCountry "POL"]
[SourceTitle "playchess.com"]
[Source "ChessBase"]
[SourceQuality "1"]
[TimeControl "40/5400+30:1800+30"]

1. e4 {[%emt 0:00:00]} c5 {[%emt 0:00:00]} 2. Nf3 {[%emt 0:00:00]} e6 {[%emt 0:00:00]} 3. d4 {[%emt 0:00:00]} cxd4 {[%emt 0:00:00]} 4. Nxd4 {[%emt 0:00:00]} Nf6 {[%emt 0:00:00]} 5. Nc3 {[%emt 0:00:04]} d6 {[%emt 0:00:02]} 6. g4 {[%emt 0:00:38]} Nc6 {[%emt 0:00:07]} 7. g5 {[%emt 0:00:09]} Nd7 {[%emt 0:00:09]} 8. Be3 {[%emt 0:00:13]} Be7 {[%emt 0:00:10]} 9. h4 {[%emt 0:00:10]} O-O {[%emt 0:00:09]} 10. Qh5 {[%emt 0:00:50]} a6 {[%emt 0:00:36]} 11. O-O-O {[%emt 0:00:09]} Nxd4 {[%emt 0:00:42]} 12. Bxd4 {[%emt 0:00:13]} b5 {[%emt 0:00:16]} 13. f4 {[%emt 0:00:17]} b4 {[%emt 0:01:36]} 14. Bxg7 {[%emt 0:00:55]} Kxg7 {[%emt 0:00:27]} 15. e5 {[%emt 0:00:19]} Nc5 {[%emt 0:00:57]} 16. Na4 {[%emt 0:00:12]} d5 {[%emt 0:00:34]} 17. Nxc5 {[%emt 0:00:07]} Bxc5 {[%emt 0:00:08]} 18. Qh6+ {[%emt 0:00:20]} Kh8 {[%emt 0:00:15]} 19. Bd3 {[%emt 0:00:12]} f5 {[%emt 0:00:21]} 20. exf6 {[%emt 0:00:33]} Ra7 {[%emt 0:00:15]} 21. Kb1 {[%emt 0:01:42]} a5 {[%emt 0:06:37]} 22. f5 {[%emt 0:01:55]} exf5 {[%emt 0:00:55]} 23. Rhe1 {[%emt 0:00:35]} a4 {[%emt 0:06:13]} 24. Bc4 {[%emt 0:06:41]} d4 {[%emt 0:07:51]} 25. f7 {[%emt 0:10:26]} Qb6 {[%emt 0:05:18]} 26. Re6 {[%emt 0:05:57]} Qd8 {[%emt 0:03:18]} 27. Rf6 {[%emt 0:16:51]} Rfxf7 {[%emt 0:02:43]} 28. Rxf7 {[%emt 0:03:03]} Rxf7 {[%emt 0:00:15]} 29. Bxf7 {[%emt 0:00:06]} Qf8 {[%emt 0:02:39]} 30. Qf6+ {[%emt 0:12:54]} Qg7 {[%emt 0:00:11]} 31. Qd8+ {[%emt 0:00:21]} Qf8 {[%emt 0:00:53]} 32. Rxd4 {[%emt 0:01:25]} Be7 {[%emt 0:01:41]} 33. Qxf8+ {[%emt 0:12:42]} Bxf8 {[%emt 0:00:08]} 34. Be8 {[%emt 0:00:23]} Be6 {[%emt 0:05:05]} 35. Bd7 {[%emt 0:08:39]} Bc5 {[%emt 0:03:35]} 36. Rd1 {[%emt 0:00:16]} Bxd7 {[%emt 0:00:31]} 37. Rxd7 {[%emt 0:00:04]} f4 {[%emt 0:00:12]} 38. Rf7 {[%emt 0:00:20]} Bd6 {[%emt 0:00:16]} 39. h5 {[%emt 0:00:20]} Kg8 {[%emt 0:00:37]} 40. g6 {[%emt 0:00:00]} hxg6 {[%emt 0:00:00]} 41. hxg6 {[%emt 0:00:08]} f3 {[%emt 0:02:39]} 42. Rxf3 {[%emt 0:00:22]} Kg7 {[%emt 0:00:05]} 43. Re3 {[%emt 0:01:13]} 1-0

[Event "56th Rubinstein Memorial A 2020"]
[Site "Polanica Zdroj"]
[Date "2020.08.22"]
[Round "8.5"]
[White "Luba, Lukasz"]
[Black "Kowalczyk, Rafal"]
[Result "1-0"]
[WhiteElo "2188"]
[BlackElo "2268"]
[Annotator "TA"]
[PlyCount "63"]
[EventDate "2020.08.15"]
[EventType "swiss"]
[EventCountry "POL"]
[SourceTitle "playchess.com"]
[Source "ChessBase"]
[SourceQuality "1"]

{[%evp 14,63,0,0,0,-17,27,18,17,29,43,42,127,117,192,180,173,201,187,189,187,188,167,105,185,177,341,308,328,344,583,593,623,613,1166,1158,1121,1082,942,806,1001,954,1894,1753,29994,29995,29995,29995,29995,29996,29997,29998]} 1. d4 Nf6 2. c4 e6 3. Nc3 Bb4 4. a3 Bxc3+ 5. bxc3 Nc6 6. f3 b6 7. Bg5 Ba6 8. e4 Na5 {E24: Nimzo-Indian: Sämisch: Unusual Black 5th moves and 5...c5 sidelines.} 9. Qa4 O-O 10. e5 $1 {[%cal Re5f6]} h6 {The position is equal.} 11. Bh4 $1 {[%mdl 64] Pin} g5 12. Bf2 Nh5 ({Black should play} 12... Nh7 $1 $14) 13. h4 $16 d6 (13... f5 $16 {was worth a try.}) 14. hxg5 $18 Qxg5 {[#]} 15. Rh4 $1 {[%cal Rh4g4] [#]} f5 $146 {Black wants to play ...Ng3.} ({Predecessor:} 15... Ng7 16. Nh3 Qe7 17. Rxh6 dxe5 18. dxe5 Rfd8 19. c5 Bb7 20. Qg4 Qd7 21. Bd4 f6 22. exf6 e5 23. Qg6 {1-0 (23) Ghyselen,W (2160)-Godart,F (2279) Bruges 2012}) 16. Nh3 Qg6 17. g4 $36 {[%mdl 2048] White is on the roll.} Ng7 18. Nf4 (18. O-O-O $18) 18... Qe8 (18... Qg5 $16 19. gxf5 Rxf5) 19. Qxe8 Rfxe8 $2 (19... Raxe8 20. Ng6 (20. Rxh6 fxg4 21. Bg3 Nf5 $11) 20... fxg4) 20. Rxh6 dxe5 21. dxe5 Bxc4 $2 (21... Nc6 {was necessary.} 22. Ng6 Nd8) 22. Bh4 fxg4 23. Bf6 Kf7 {[#]} 24. Rh7 $1 {[%mdl 512]} Rg8 25. O-O-O Bd5 26. Bd3 {White wants to mate with Bg6+.} Kf8 27. Ng6+ Kf7 28. Ne7 {Bg6+ would kill now.} Bxf3 29. Bg6+ {White mates.} Kf8 30. Rd7 Nb3+ {[#]} 31. Kb2 $1 {[%mdl 512]} Nc5 32. Bxg7+ {Accuracy: White = 93%, Black = 35%.} 1-0

[Event "56th Rubinstein Memorial A 2020"]
[Site "Polanica Zdroj"]
[Date "2020.08.22"]
[Round "8.5"]
[White "Polak, Michal"]
[Black "Wojcik, Wieslaw"]
[Result "0-1"]
[WhiteElo "1878"]
[BlackElo "1863"]
[Annotator "NA RC"]
[PlyCount "110"]
[EventDate "2020.08.15"]
[EventType "swiss"]
[EventCountry "POL"]
[SourceTitle "playchess.com"]
[Source "ChessBase"]
[SourceQuality "1"]
[TimeControl "40/5400+30:1800+30"]

1. e4 {[%emt 0:00:00]} c5 {[%emt 0:00:00]} 2. Nf3 {[%emt 0:00:02]} Nc6 {[%emt 0:00:00]} 3. d4 {[%emt 0:00:07]} cxd4 {[%emt 0:00:00]} 4. Nxd4 {[%emt 0:00:07]} e5 {[%emt 0:00:00]} 5. Nb5 {[%emt 0:00:24]} d6 {[%emt 0:00:00]} 6. N1c3 {[%emt 0:00:41]} a6 {[%emt 0:00:05]} 7. Na3 {[%emt 0:00:15]} b5 {[%emt 0:00:06]} 8. Nd5 {[%emt 0:00:12]} Nf6 {[%emt 0:00:08]} 9. Bg5 {[%emt 0:02:24]} Be7 {[%emt 0:00:12]} 10. Bxf6 {[%emt 0:00:43]} Bxf6 {[%emt 0:00:52]} 11. g3 {[%emt 0:03:44]} O-O {[%emt 0:06:02]} 12. Bg2 {[%emt 0:00:19] [#] B33: Sicilian: Pelikan and Sveshnikov Variations.} Ra7 $146 {[%emt 0:03:32]} ({Predecessor:} 12... Bg5 13. O-O Ne7 14. c4 Rb8 15. Nxe7+ Qxe7 16. Qd3 bxc4 17. Nxc4 Be6 18. h4 Bxc4 19. Qxc4 Bd2 20. Qxa6 Rxb2 {½-½ (59) Bitensky,I (2377)-Bronstein,O (2428) Petah Tikva 2020}) 13. O-O {[%emt 0:01:46]} Bg5 {[%emt 0:01:02]} 14. c3 {[%emt 0:08:56]} Ne7 {[%emt 0:12:31]} 15. Nc2 {[%emt 0:09:54]} Nxd5 {[%emt 0:03:16]} 16. Qxd5 {[%emt 0:01:40]} Be6 {[%emt 0:00:57]} 17. Qd1 $1 {[%emt 0:08:51]} a5 {[%emt 0:09:40]} 18. Re1 {[%emt 0:04:21]} Qb6 {[%emt 0:06:39]} 19. Ne3 {[%emt 0:03:04]} g6 {[%emt 0:08:16]} 20. Qd3 {[%emt 0:04:50]} f5 {[%emt 0:12:32]} 21. exf5 {[%emt 0:02:09]} Bxe3 {[%emt 0:01:05]} 22. Qxe3 {[%emt 0:04:28]} Qxe3 {[%emt 0:00:19]} 23. Rxe3 {[%emt 0:00:16]} gxf5 {[%emt 0:06:09]} 24. Rd1 {[%emt 0:10:23]} Ra6 {[%emt 0:02:18]} 25. Red3 {[%emt 0:07:24]} Rd8 {[%emt 0:00:35]} 26. Bd5 {[%emt 0:00:45]} Kf7 $1 {[%emt 0:00:26]} 27. f3 {[%emt 0:01:06]} Rb8 {[%emt 0:01:46]} 28. Kf2 {[%emt 0:10:56]} Bxd5 {[%emt 0:05:52]} 29. Rxd5 {[%emt 0:00:10]} Ke6 {[%emt 0:00:05]} 30. R5d3 {[%emt 0:05:05]} b4 {[%emt 0:03:04]} 31. R1d2 {[%emt 0:01:07]} Rc6 {[%emt 0:01:48]} 32. Rd5 {[%emt 0:01:47]} bxc3 {[%emt 0:00:34]} 33. bxc3 {[%emt 0:00:26]} Ra8 {[%emt 0:05:51]} 34. c4 {[%emt 0:03:02]} Raa6 {[%emt 0:00:18]} 35. Rc2 {[%emt 0:01:06]} Rxc4 {[%emt 0:04:25] [#]} 36. Rxe5+ $1 {[%emt 0:00:20]} Kxe5 {[%emt 0:00:34]} 37. Rxc4 {[%emt 0:00:07]} Rb6 {[%emt 0:00:30]} 38. Ke3 {[%emt 0:02:33]} Rb2 {[%emt 0:02:30]} 39. Ra4 {[%emt 0:00:42]} Rxh2 {[%emt 0:00:15]} 40. Rxa5+ {[%emt 0:00:00]} d5 {[%emt 0:00:00]} 41. Ra6 {[%emt 0:06:04]} d4+ {[%emt 0:05:15]} 42. Kd3 {[%emt 0:00:12]} Rg2 {[%emt 0:04:24]} 43. f4+ {[%emt 0:01:20]} Kd5 {[%emt 0:00:08]} 44. Ra5+ {[%emt 0:00:37]} Ke6 {[%emt 0:01:01]} 45. Kxd4 {[%emt 0:00:54]} Rxg3 {[%emt 0:08:05]} 46. Ra6+ {[%emt 0:00:37]} Kf7 {[%emt 0:00:17]} 47. Ke5 {[%emt 0:00:30]} h5 {[%emt 0:00:24]} 48. Kxf5 {[%emt 0:00:34]} h4 {[%emt 0:00:11]} 49. Ra7+ {[%emt 0:01:00]} Kg8 $11 {[%emt 0:00:07]} 50. Kf6 {[%emt 0:11:17]} h3 {[%emt 0:01:25]} 51. Ra5 {[%emt 0:02:38]} Rg7 {[%emt 0:06:42]} 52. Ra3 {[%emt 0:05:26]} h2 {[%emt 0:00:37]} 53. Rh3 {[%emt 0:01:41]} Rh7 {[%emt 0:00:22]} 54. Rg3+ {[%emt 0:02:35]} Kf8 {[%emt 0:00:19]} 55. Rc3 {[%emt 0:03:12]} Rh6+ {[%emt 0:00:25]} 0-1

[Event "56th Rubinstein Memorial A 2020"]
[Site "Polanica Zdroj"]
[Date "2020.08.22"]
[Round "8.6"]
[White "Cukrowski, Filip"]
[Black "Wisniewski, Michal"]
[Result "1-0"]
[WhiteElo "2419"]
[BlackElo "2127"]
[Annotator "TA"]
[PlyCount "67"]
[EventDate "2020.08.15"]
[EventType "swiss"]
[EventCountry "POL"]
[SourceTitle "playchess.com"]
[Source "ChessBase"]
[SourceQuality "1"]

{[%evp 14,67,29,22,18,14,0,6,34,25,86,41,62,69,62,28,28,25,32,27,23,40,34,27,44,44,44,44,44,44,51,60,75,68,260,264,263,265,265,260,260,265,258,253,262,259,464,456,442,406,720,695,1393,646,29990,29991]} 1. e4 d6 2. d4 Nf6 3. Nc3 g6 4. Nf3 Bg7 5. h3 a6 6. a4 O-O 7. Be3 Nc6 {is now more promising than 7...b6.} 8. d5 Nb4 {B08: Pirc Defence: Classical System.} 9. Bc4 c6 10. O-O {[#]} Bd7 $146 {The position is equal.} ({Predecessor:} 10... cxd5 11. exd5 Bf5 12. Nd4 Bd7 13. a5 Rc8 14. Qe2 Re8 15. Rfd1 e5 16. dxe6 fxe6 {1-0 (26) Kashlinskaya,A (2494)-Khalafova,N (2279) chess.com INT 2020}) 11. a5 Qc8 (11... cxd5 $11 {keeps the balance.} 12. exd5 e6) 12. Na4 {Nb6 is the strong threat.} Qe8 13. Nb6 {aiming for Bd2.} Nxe4 14. c3 (14. dxc6 {looks sharper.} Nxc6 15. Nxa8 Qxa8 16. Bd5 Nf6 17. Bb3) 14... Nxd5 $1 15. Bxd5 cxd5 16. Nxa8 Qxa8 17. Qxd5 Bc6 18. Qd1 e5 19. Nd2 Nxd2 20. Qxd2 d5 21. Bh6 Bxh6 22. Qxh6 d4 23. f4 {Black must now prevent f5.} dxc3 $2 {Now Black is done in.} (23... f5 $1 $14) 24. f5 $1 $18 {[%cal Rf5f6]} (24. bxc3 Qa7+ 25. Kh2 Qe3 $11) 24... gxf5 (24... cxb2 25. f6 $1 {[%mdl 512]} Qa7+ 26. Kh2 Qg1+ 27. Rxg1 bxa1=N 28. Qg7#) 25. Qg5+ (25. bxc3 Be4 $16) 25... Kh8 {[#]} 26. Qf6+ $1 $40 {[%mdl 192] Double Attack. White is out for blood.} ({Not} 26. Qxf5 f6 $16) (26. Rxf5 Qd8 $16) 26... Kg8 27. Rxf5 {[%cal Rf5g5]} Be4 28. Rg5+ ({Resist} 28. Rxe5 cxb2 29. Rg5+ (29. Rxe4 bxa1=Q+ 30. Qxa1 f6 $11) 29... Bg6 $18) 28... Bg6 29. bxc3 Qa7+ $2 (29... Qd8 30. Qxd8 Rxd8 31. Rxe5 Kf8) 30. Kh2 Qe3 31. h4 Qe4 (31... Qf4+ $142 32. Qxf4 exf4) 32. h5 {[%mdl 64] Pin} Qh4+ 33. Kg1 h6 34. Rxg6+ {[%mdl 64] Discovered Attack. Accuracy: White = 91%, Black = 59%.} 1-0